000 00625nam a2200181Ia 4500
001 8109
005 20260306160545.0
008 260306t2015||||xx |||||||||||||| ||spa||
041 _aESP
082 _a370.1
_bU876 V. 1
100 _aUsón Jaeger, Aurelio
_eAUT
245 0 _aEducación científica y ciudadanía en el siglo XXI:
_bactas del VIII Congreso Iberoamericano de Educación Científica y del II Congreso Internacional de Pedagogía, Didáctica y Tic aplicadas a la Educación [CIEDUC 2015]
260 _c2015
300 _a512 páginas :
_c24 cm.
650 _aGEN
654 _aCED
942 _cLIB
_dJUS
_fJUS
_2ddc
_n
999 _c8109
_d8109